| 000 | 01254nam a2200205Ia 4500 | ||
|---|---|---|---|
| 008 | 220107t1937||||xx |||||||||||||| ||und|| | ||
| 040 |
_aBoOrUTOFe _bEs _cUTO |
||
| 044 | _aDO | ||
| 082 |
_aeco 336.3 _bF83 |
||
| 100 | _aTrujillo, Rafael | ||
| 245 | 0 | _aReajuste de la deuda externa | |
| 246 | _a Readjustment of debt | ||
| 260 |
_aRepublica Dominicana: _bDiario, _c1937 |
||
| 300 |
_a329p. _b. _c24cm |
||
| 500 | _aIncluye índice | ||
| 505 | _aNegociaciones que culminaron en la presentación de bonos extranjeros, datos historicos acerca de la republica Dominicana, descripción e historia de los bonos, condicones que culminaron en la emergencia, resumen de la ley de emergnecia, medidas extraordinarias, condicones que motivarón, la promulgación de la ley de emergencia de 1993 descenso violento en el balance del comercio internacional, los efectos perjudiciales del balance desfavorable del comercio internacional, fines precisos para los cuales las sumas adicionales, consideraciones generales que rigen las relaciones entre deudoresy acreedores durante el periodo de depresión, obligaciones y derchos de la republica dominicana, conlusión | ||
| 650 | _aReajuste de la deuda Externa | ||
| 655 | _aLibros de Texto | ||
| 942 |
_cLI _zFCEFA20 |
||
| 999 |
_c4443 _d4443 _x1 |
||